SIAM: (Record no. 186175)
[ view plain ]
| 000 -LEADER | |
|---|---|
| fixed length control field | 00815 a2200169 4500 |
| 003 - CONTROL NUMBER IDENTIFIER | |
| control field | NUST |
| 005 - DATE AND TIME OF LATEST TRANSACTION | |
| control field | 20230126190250.0 |
| 040 ## - CATALOGING SOURCE | |
| Transcribing agency | Nust |
| 082 ## - DEWEY DECIMAL CLASSIFICATION NUMBER | |
| Classification number | 900,YOU |
| 100 ## - MAIN ENTRY--PERSONAL NAME | |
| Personal name | Young , Ernest |
| 9 (RLIN) | 107831 |
| 245 ## - TITLE STATEMENT | |
| Title | SIAM: |
| Remainder of title | peeps at Many Lands / |
| Statement of responsibility, etc. | Ernest Young |
| 260 ## - PUBLICATION, DISTRIBUTION, ETC. | |
| Place of publication, distribution, etc. | London |
| Name of publisher, distributor, etc. | Adam Charles Black |
| 300 ## - PHYSICAL DESCRIPTION | |
| Extent | 82;p. |
| 505 ## - FORMATTED CONTENTS NOTE | |
| Formatted contents note | A Peep into Siamese History (Page-1), In Eastern Venice (Page-5), Down the River (Page-10), The Children (Page-15), Schools (Page-18), Amusements (Page-22), The Story of Buddha (Page-27), The Monks (Page-34), The Temples (Page-39),The Shaving of the Top-Knot (Page-44), Houses (Page-48), Food and Dress (Page-55), Fishing (Page-56), Rice (Page-60), A Ploughing Ceremony (Page-65), Elephants (Page-75), Trail by Ordeal (Page-79). |
| 650 ## - SUBJECT ADDED ENTRY--TOPICAL TERM | |
| Topical term or geographic name entry element | History |
| 942 ## - ADDED ENTRY ELEMENTS (KOHA) | |
| Source of classification or shelving scheme | |
| Koha item type | Book |
| Call number prefix | 900,YOU |
| Withdrawn status | Lost status | Source of classification or shelving scheme | Damaged status | Not for loan | Permanent Location | Current Location | Shelving location | Date acquired | Full call number | Barcode | Date last seen | Price effective from | Koha item type | Public note |
|---|---|---|---|---|---|---|---|---|---|---|---|---|---|---|
| Military College of Signals (MCS) | Military College of Signals (MCS) | General Stacks | 12/12/2016 | 900,YOU | MCS30100 | 12/08/2016 | 12/12/2016 | Book | Almirah No.58, Shelf No.3 |
